书目信息 |
| 题名: |
汉字的结构及其流变
|
|
| 作者: | 梁东汉 著 | |
| 分册: | ||
| 出版信息: | 上海 上海教育出版社 1959.02 |
|
| 页数: | 190页 | |
| 开本: | 21cm | |
| 丛书名: | ||
| 单 册: | ||
| 中图分类: | H122 | |
| 科图分类: | ||
| 主题词: | 汉字--文字学 | |
| 电子资源: | ||
| ISBN: | ||
| 000 | 00525nam0 2200193 45 | |
| 001 | 0404210971 | |
| 005 | 20070801132526.73 | |
| 010 | @dCNY0.80 | |
| 091 | @a9150.5 | |
| 100 | @a20040421d1959 km y0chiy0120 ea | |
| 101 | 0 | @achi |
| 200 | 1 | @a汉字的结构及其流变@AHan Zi De Jie Gou Ji Qi Liu Bian@f梁东汉著@FLiang Dong Han Zhu |
| 210 | @a上海@c上海教育出版社@d1959.02 | |
| 215 | @a190页@d21cm | |
| 606 | 0 | @a汉字@x文字学 |
| 690 | @aH122@v3 | |
| 701 | 0 | @a梁东汉@4著 |
| 801 | @aCN@bPftUser@c20070801 | |
| 905 | @f1@b96573@dH122@e13 | |
| 汉字的结构及其流变/梁东汉著.-上海:上海教育出版社,1959.02 |
| 190页;21cm |
| ISBN :CNY0.80 |
| ● |
| 相关链接 |
|
|
|
|
正题名:汉字的结构及其流变
索取号:H122/13
 
预约/预借
| 序号 | 登录号 | 条形码 | 馆藏地/架位号 | 状态 | 备注 |
| 1 | 0096573 | 000833209 | 第四借阅区/ [索取号:H122/13] | 在馆 | |
| 2 | 0096574 | 000833174 | 第二样本阅览室/ [索取号:H122/13] | 在馆 | |
| 3 | 0462858 | 204628581 | 密集书库/ [索取号:H122/13] | 在馆 | |
| 4 | 0466894 | 204668948 | 密集书库/ [索取号:H122/13] | 在馆 | |
| 5 | 0790360 | 207903606 | 密集书库/ [索取号:H122/13] | 在馆 |